| 000 | 00323nam a22001217a 4500 | ||
|---|---|---|---|
| 082 | _a621.564 WOC'H | ||
| 100 |
_aBARTLETT, LUIS H WOOLRICH, W. R _960615 |
||
| 245 | _aHANDBOOK OF REFRIGERATION ENGINEERING | ||
| 260 |
_aNEWYORK _bD. VAN NOSTRAND _c1948 |
||
| 300 | _aXIII, 730P | ||
| 650 |
_aYO-MECH-16 _960616 |
||
| 942 | _cBK | ||
| 999 |
_c570303 _d570303 |
||